[Event "Cologne Longerich op-A 12th"]
[Site "Cologne"]
[Date "2015.08.01"]
[Round "3"]
[White "Koellner, Ruben Gideon"]
[Black "Maczkowiak, Thomas"]
[Result "1/2-1/2"]
[WhiteElo "1681"]
[BlackElo "1942"]
[PlyCount "106"]
[EventDate "2015.07.31"]
[EventType "tourn"]
[EventRounds "5"]
[EventCountry "GER"]
[SourceTitle "EXT 2017"]
[Source "ChessBase"]
[SourceDate "2016.10.25"]
[SourceVersion "1"]
[SourceVersionDate "2016.10.25"]
[SourceQuality "1"]

1. d4 Nf6 2. Nf3 g6 3. e3 Bg7 4. Nbd2 d5 5. Bd3 Bg4 6. c3 c6 7. h3 Bxf3 8. Nxf3 Nbd7 9. Qb3 Qb6 10. Qxb6 Nxb6 11. b3 0-0 12. 0-0 e6 13. Bb2 Nfd7 14. c4 dxc4 15. bxc4 Rfe8 16. Rab1 e5 17. dxe5 Nxe5 18. Nxe5 Bxe5 19. Bxe5 Rxe5 20. Rfd1 Rc5 21. Bf1 Kf8 22. Rd4 Ke8 23. Rbd1 Re5 24. g3 Re7 25. Kg2 Rd7 26. Rxd7 Nxd7 27. Kf3 Rd8 28. Rd4 Ke7 29. Kf4 f6 30. h4 Nf8 31. Rxd8 Kxd8 32. e4 Ke7 33. Ke3 Ne6 34. f4 Kd6 35. g4 Kc5 36. f5 gxf5 37. exf5 Ng7 38. Kf4 h6 39. g5 hxg5+ 40. hxg5 fxg5+ 41. Kxg5 Ne8 42. f6 Nd6 43. Kg6 b5 44. cxb5 cxb5 45. f7 Nxf7 46. Kxf7 Kb4 47. Bh3 Ka3 48. Be6 a5 49. Ke7 a4 50. Kd6 b4 51. Kc5 b3 52. axb3 axb3 53. Bxb3 Kxb3 1/2-1/2

[Event "Cologne Longerich op-A 12th"]
[Site "Cologne"]
[Date "2015.07.31"]
[Round "1"]
[White "Evers, Leo"]
[Black "Maczkowiak, Thomas"]
[Result "1-0"]
[WhiteElo "2085"]
[BlackElo "1942"]
[PlyCount "115"]
[EventDate "2015.07.31"]
[EventType "tourn"]
[EventRounds "5"]
[EventCountry "GER"]
[SourceTitle "EXT 2017"]
[Source "ChessBase"]
[SourceDate "2016.10.25"]
[SourceVersion "1"]
[SourceVersionDate "2016.10.25"]
[SourceQuality "1"]

1. d4 Nf6 2. c4 g6 3. Nc3 d5 4. cxd5 Nxd5 5. Bd2 Bg7 6. e4 Nb6 7. Be3 0-0 8. h3 Nc6 9. Nf3 e5 10. d5 Ne7 11. Rc1 Bd7 12. a4 Nbc8 13. Be2 Nd6 14. 0-0 f5 15. Qb3 Kh8 16. Rfd1 f4 17. Bc5 Nec8 18. Nb5 Bxb5 19. axb5 Rf7 20. Qc2 Bf6 21. Nd2 h5 22. Nc4 Nxc4 23. Qxc4 Nd6 24. Bxd6 Qxd6 25. Qc5 Qxc5 26. Rxc5 Rd7 27. Rdc1 Rc8 28. Ra1 Be7 29. Rc4 Ra8 30. Rac1 Bd6 31. Ra4 a5 32. bxa6 bxa6 33. Rca1 Rdd8 34. b3 Rdb8 35. Bc4 Rb6 36. Kf1 Kg7 37. Ke2 Kf6 38. Kf3 a5 39. Rxa5 Rxa5 40. Rxa5 Rb8 41. Ke2 g5 42. f3 h4 43. Kd3 Ke7 44. Ra4 Kd8 45. Kc3 Kc8 46. Ba6+ Kd7 47. Kc4 Kd8 48. Bb5 Kc8 49. Ra7 Kd8 50. Ra4 Kc8 51. b4 Rb6 52. Ra8+ Kb7 53. Rg8 Be7 54. Bc6+ Rxc6+ 55. dxc6+ Kxc6 56. b5+ Kd6 57. Rg6+ Kd7 58. Kd5 1-0

[Event "Cologne Longerich op-A 11th"]
[Site "Cologne"]
[Date "2014.08.03"]
[Round "4"]
[White "Maczkowiak, Thomas"]
[Black "Zilberman, Rodion"]
[Result "0-1"]
[WhiteElo "1948"]
[BlackElo "1776"]
[PlyCount "74"]
[EventDate "2014.08.01"]
[EventType "swiss"]
[EventRounds "5"]
[EventCountry "GER"]
[SourceTitle "EXT 2022"]
[Source "ChessBase"]
[SourceDate "2021.10.06"]
[SourceVersion "1"]
[SourceVersionDate "2021.10.06"]
[SourceQuality "1"]

1. Nf3 Nf6 2. g3 d5 3. Bg2 c6 4. 0-0 Bf5 5. c4 e6 6. b3 Bd6 7. Bb2 Nbd7 8. d3 Qc7 9. Nbd2 0-0 10. Qc2 Rac8 11. Rac1 Bg6 12. a3 c5 13. Nh4 d4 14. Nxg6 hxg6 15. b4 b6 16. b5 Ng4 17. Ne4 Be7 18. h3 Nh6 19. Ra1 f5 20. Nd2 g5 21. Nb3 g4 22. Bc1 Nf6 23. a4 gxh3 24. Bxh3 Nhg4 25. a5 Nxf2 26. Kxf2 Nh5 27. Bf4 Nxf4 28. gxf4 Qxf4+ 29. Kg2 Qg5+ 30. Kh1 Qh4 31. Kg2 Bd6 32. Rh1 Rf6 33. Kf1 Qf4+ 34. Ke1 Rh6 35. Bg2 Rxh1+ 36. Bxh1 Qh4+ 37. Kd2 Bf4+ 0-1

[Event "Solingen-ch"]
[Site "Solingen"]
[Date "2013.11.22"]
[Round "6"]
[White "Mentzel, Markus"]
[Black "Maczkowiak, Thomas"]
[Result "1/2-1/2"]
[WhiteElo "1760"]
[BlackElo "1940"]
[PlyCount "36"]
[EventDate "2013.09.13"]
[EventType "swiss"]
[EventRounds "7"]
[EventCountry "GER"]
[SourceTitle "EXT 2015"]
[Source "ChessBase"]
[SourceDate "2014.11.20"]
[SourceVersion "1"]
[SourceVersionDate "2014.11.20"]
[SourceQuality "1"]

1. e4 c6 2. d4 d5 3. Nc3 dxe4 4. Nxe4 Bf5 5. Ng3 Bg6 6. N1e2 e6 7. Nf4 Bd6 8. h4 Qc7 9. Nxg6 hxg6 10. Ne4 Nd7 11. g3 Ngf6 12. Nxd6+ Qxd6 13. Bg2 0-0 14. 0-0 Rfe8 15. c3 e5 16. dxe5 Qxd1 17. Rxd1 Rxe5 18. Be3 Nb6 1/2-1/2

[Event "Leipzig VfB op 20th"]
[Site "Leipzig"]
[Date "2013.03.08"]
[Round "6"]
[White "Waschischeck, Tom"]
[Black "Maczkowiak, Thomas"]
[Result "1/2-1/2"]
[WhiteElo "1630"]
[BlackElo "1937"]
[PlyCount "35"]
[EventDate "2013.03.05"]
[EventType "swiss"]
[EventRounds "9"]
[EventCountry "GER"]
[SourceTitle "EXT 2014"]
[Source "ChessBase"]
[SourceDate "2013.11.20"]
[SourceVersion "1"]
[SourceVersionDate "2013.11.20"]
[SourceQuality "1"]

1. e4 c6 2. d4 d5 3. exd5 cxd5 4. Bd3 Nc6 5. c3 Nf6 6. Bf4 Bg4 7. Qb3 Qb6 8. Nd2 e6 9. Ngf3 Bxf3 10. Nxf3 Be7 11. 0-0 0-0 12. Qc2 Rac8 13. Qe2 Nh5 14. Bg3 Nxg3 15. hxg3 Bf6 16. Nh2 Rfe8 17. Ng4 Qd8 18. Nxf6+ 1/2-1/2

[Event "Leipzig VfB op 20th"]
[Site "Leipzig"]
[Date "2013.03.06"]
[Round "2"]
[White "Brem, Stephan"]
[Black "Maczkowiak, Thomas"]
[Result "1-0"]
[WhiteElo "2099"]
[BlackElo "1937"]
[PlyCount "85"]
[EventDate "2013.03.05"]
[EventType "swiss"]
[EventRounds "9"]
[EventCountry "GER"]
[SourceTitle "EXT 2014"]
[Source "ChessBase"]
[SourceDate "2013.11.20"]
[SourceVersion "1"]
[SourceVersionDate "2013.11.20"]
[SourceQuality "1"]

1. b3 Nf6 2. Bb2 d5 3. e3 Bf5 4. f4 e6 5. Nf3 Be7 6. Be2 0-0 7. 0-0 c5 8. Ne5 h6 9. d3 Nfd7 10. Bg4 Bxg4 11. Qxg4 Bf6 12. Nd2 Nxe5 13. fxe5 Bg5 14. Rf3 Kh8 15. d4 cxd4 16. Bxd4 Nc6 17. c3 Qc7 18. h4 Nxd4 19. cxd4 Be7 20. Rg3 Rg8 21. Rf1 Raf8 22. Qh5 Bd8 23. Nf3 f6 24. Rg6 Kh7 25. Qg4 Qd7 26. h5 Kh8 27. Qg3 a6 28. Rc1 Bc7 29. Qg4 Bd8 30. exf6 Bxf6 31. Qg3 Rc8 32. Rxc8 Rxc8 33. Ne5 Bxe5 34. Qxe5 Rc1+ 35. Kh2 Qc7 36. Rxh6+ Kg8 37. Rxe6 Qf7 38. h6 Kh7 39. hxg7 Rc8 40. Re7 Qg6 41. Re6 Qg4 42. g8Q+ Kxg8 43. Qg3 1-0

[Event "Solingen Karneval op"]
[Site "Solingen"]
[Date "2013.02.10"]
[Round "4"]
[White "Masalsky, Boris"]
[Black "Maczkowiak, Thomas"]
[Result "1/2-1/2"]
[WhiteElo "1702"]
[BlackElo "1940"]
[PlyCount "66"]
[EventDate "2013.02.08"]
[EventType "swiss"]
[EventRounds "5"]
[EventCountry "GER"]
[SourceTitle "EXT 2015"]
[Source "ChessBase"]
[SourceDate "2014.11.20"]
[SourceVersion "1"]
[SourceVersionDate "2014.11.20"]
[SourceQuality "1"]

1. e4 c6 2. d4 d5 3. Nc3 dxe4 4. Nxe4 Bf5 5. Ng3 Bg6 6. Nf3 Nd7 7. Bd3 Bxd3 8. Qxd3 e6 9. 0-0 Ngf6 10. c4 Be7 11. b3 0-0 12. Bb2 Qc7 13. a4 Rfd8 14. Qc2 Bd6 15. Rfe1 Re8 16. Bc3 b6 17. b4 c5 18. dxc5 bxc5 19. b5 Ng4 20. Nf1 Nge5 21. Nxe5 Bxe5 22. a5 Bxc3 23. Qxc3 Red8 24. Nd2 Nf6 25. h3 Rd6 26. Nf3 Rad8 27. a6 Nd7 28. Rad1 Nb6 29. Rxd6 Qxd6 30. Ne5 f6 31. Nc6 Rd7 32. Rc1 Kf7 33. Qe3 g6 1/2-1/2

[Event "Cologne Longerich op 09th"]
[Site "Cologne"]
[Date "2012.08.04"]
[Round "2"]
[White "Scholzen, Wolfgang"]
[Black "Maczkowiak, Thomas"]
[Result "1/2-1/2"]
[WhiteElo "1966"]
[BlackElo "1843"]
[PlyCount "49"]
[EventDate "2012.08.03"]
[EventType "tourn"]
[EventRounds "5"]
[EventCountry "GER"]
[SourceTitle "EXT 2017"]
[Source "ChessBase"]
[SourceDate "2016.10.25"]
[SourceVersion "1"]
[SourceVersionDate "2016.10.25"]
[SourceQuality "1"]

1. d4 Nf6 2. Nf3 d5 3. e3 Bf5 4. Bd3 Bxd3 5. cxd3 c6 6. 0-0 e6 7. Nc3 Be7 8. e4 0-0 9. Bg5 Nfd7 10. Bxe7 Qxe7 11. Qb3 Nb6 12. Rfe1 Rd8 13. a4 Na6 14. a5 Nc8 15. exd5 cxd5 16. Ne5 Qb4 17. Qxb4 Nxb4 18. Ra4 Nc6 19. a6 N8e7 20. axb7 Rab8 21. Nxc6 Nxc6 22. Ra6 Nxd4 23. Rxa7 Kf8 24. Rea1 Rd7 25. b4 1/2-1/2

[Event "Solingen Karneval op"]
[Site "Solingen"]
[Date "2012.02.18"]
[Round "3"]
[White "Maj, Kornel"]
[Black "Maczkowiak, Thomas"]
[Result "0-1"]
[WhiteElo "1441"]
[BlackElo "1923"]
[PlyCount "51"]
[EventDate "2012.02.17"]
[EventType "swiss"]
[EventRounds "5"]
[EventCountry "GER"]
[SourceTitle "EXT 2015"]
[Source "ChessBase"]
[SourceDate "2014.11.20"]
[SourceVersion "1"]
[SourceVersionDate "2014.11.20"]
[SourceQuality "1"]

1. e4 c6 2. d4 d5 3. Nc3 dxe4 4. Nxe4 Bf5 5. Ng3 Bg6 6. Nf3 Nd7 7. h4 h6 8. h5 Bh7 9. Bd3 Bxd3 10. Qxd3 Ngf6 11. Bd2 Qc7 12. 0-0-0 0-0-0 13. c4 e6 14. Bc3 Bd6 15. Kb1 Bxg3 16. fxg3 Qxg3 17. b4 Qf4 18. Rhe1 Rhe8 19. Qc2 Qf5 20. Rd3 Ne4 21. Re2 Nxc3+ 22. Qxc3 e5 23. g4 Qxg4 24. d5 e4 25. dxc6 bxc6 26. Rd4 0-1

[Event "Herne-ch 14th"]
[Site "Herne"]
[Date "2011.03.16"]
[Round "5"]
[White "Funke, Eckhard"]
[Black "Maczkowiak, Thomas"]
[Result "1/2-1/2"]
[WhiteElo "1923"]
[BlackElo "1932"]
[PlyCount "40"]
[EventDate "2011.02.07"]
[EventType "swiss"]
[EventRounds "7"]
[EventCountry "GER"]
[SourceTitle "EXT 2014"]
[Source "ChessBase"]
[SourceDate "2013.11.20"]
[SourceVersion "1"]
[SourceVersionDate "2013.11.20"]
[SourceQuality "1"]

1. d4 Nf6 2. c4 g6 3. Nc3 d5 4. cxd5 Nxd5 5. e4 Nxc3 6. bxc3 Bg7 7. Bb5+ c6 8. Ba4 0-0 9. Nf3 b5 10. Bb3 Bb7 11. 0-0 c5 12. e5 b4 13. Bb2 bxc3 14. Bxc3 cxd4 15. Qxd4 Qxd4 16. Bxd4 Bxf3 17. gxf3 Nc6 18. Rad1 Nxd4 19. Rxd4 Bxe5 20. Rd7 Bd6 1/2-1/2

[Event "Herne-ch 14th"]
[Site "Herne"]
[Date "2011.02.07"]
[Round "1"]
[White "Deutschmann, Juergen"]
[Black "Maczkowiak, Thomas"]
[Result "0-1"]
[WhiteElo "1701"]
[BlackElo "1932"]
[PlyCount "50"]
[EventDate "2011.02.07"]
[EventType "swiss"]
[EventRounds "7"]
[EventCountry "GER"]
[SourceTitle "EXT 2014"]
[Source "ChessBase"]
[SourceDate "2013.11.20"]
[SourceVersion "1"]
[SourceVersionDate "2013.11.20"]
[SourceQuality "1"]

1. c4 Nf6 2. Nf3 g6 3. Nc3 d5 4. cxd5 Nxd5 5. d4 Bg7 6. Rb1 Bf5 7. Ra1 0-0 8. Nh4 e6 9. Nxf5 exf5 10. g3 Nxc3 11. bxc3 Qd5 12. f3 c5 13. Bb2 Nc6 14. e3 cxd4 15. cxd4 Rfe8 16. Kf2 Bh6 17. Bc1 Ne5 18. h3 Bg7 19. Be2 Nc4 20. Qb3 Rac8 21. Bxc4 Rxc4 22. Bd2 Bxd4 23. Rac1 Bb6 24. Qxc4 Qxd2+ 25. Kf1 Qxe3 0-1

[Event "Solingen-ch"]
[Site "Solingen"]
[Date "2010.11.19"]
[Round "5"]
[White "Baumann, Ralf Ruediger"]
[Black "Maczkowiak, Thomas"]
[Result "1/2-1/2"]
[WhiteElo "1812"]
[BlackElo "1943"]
[PlyCount "107"]
[EventDate "2010.09.10"]
[EventType "swiss"]
[EventRounds "7"]
[EventCountry "GER"]
[SourceTitle "EXT 2012"]
[Source "ChessBase"]
[SourceDate "2011.11.24"]
[SourceVersion "1"]
[SourceVersionDate "2011.11.24"]
[SourceQuality "1"]

1. e4 c6 2. d4 d5 3. Nc3 dxe4 4. Nxe4 Bf5 5. Ng3 Bg6 6. Nf3 Nd7 7. Bc4 Ngf6 8. Bb3 e6 9. 0-0 Be7 10. Qe2 0-0 11. Rd1 Re8 12. Nh4 Nd5 13. Nxg6 hxg6 14. c4 N5b6 15. Bf4 Bg5 16. Bxg5 Qxg5 17. Ne4 Qe7 18. c5 Nc8 19. f4 Nf6 20. Ng5 Nd5 21. Qf2 f6 22. Bxd5 cxd5 23. Nf3 Kf7 24. Re1 Qd7 25. Re2 Ne7 26. g4 Nc6 27. Rf1 Rh8 28. Re3 Rae8 29. Kh1 Qc7 30. a3 a5 31. Rb3 Kg8 32. Nh4 Nxd4 33. Rd3 Nc6 34. Nxg6 Rh6 35. Nh4 Qf7 36. Rf3 Nd4 37. Rd3 Nc6 38. Rfd1 Rd8 39. Rf3 d4 40. g5 Rh5 41. Ng2 Rd5 42. Rc1 fxg5 43. fxg5 Rf5 44. Rxf5 Qxf5 45. Qxf5 exf5 46. h4 Kf7 47. Re1 Rh8 48. Kh2 g6 49. Kg3 Rd8 50. Nf4 d3 51. Rd1 d2 52. Kf2 Ne5 53. b3 Rd4 54. Ng2 1/2-1/2